Normal view
MARC view
Entry Personal Name
001 - CONTROL NUMBER
- control field: 87942
003 - CONTROL NUMBER IDENTIFIER
- control field: dpl
005 - DATE AND TIME OF LATEST TRANSACTION
- control field: 20260301143944.0
008 - FIXED-LENGTH DATA ELEMENTS
- fixed length control field: 260301|| aca||aabn | a|a d
040 ## - CATALOGING SOURCE
- Original cataloging agency: dpl
- Transcribing agency: dpl
100 ## - HEADING--PERSONAL NAME
- Personal name: Panday, Manohar
670 ## - SOURCE DATA FOUND
- Source citation: Work cat.: (dpl)215010: Panday, Manohar, General Studies Paper-I 2026 /, 2026
